000 00958nam a2200253Ia 4500
003 OSt
005 20220923220824.0
006 a|||||r|||| 00| 0
007 ta
008 220922b |||||||| |||| 00| 0 hin d
024 _a190,968
037 _cTextual
040 _aARTS
_cARTS
_bhin
041 _2hin
_ahin
082 _aDelta2xM72x, 152K8.2
100 _aअरविंद; वेदालंकार, जगन्नाथ, अनु.
_9164662
245 0 _aगीता प्रबन्ध
246 _aGītā prabandha
260 _aपांडिचेरी
_b श्री अरविंद सोसायटी
_c1969
300 _a629पृ.
_ccm.
650 _aआध्यात्मिक अनुभव और रहस्यवाद
942 _hDelta2xM72x, 152K8.2
_cTEXL
_2CC
999 _c343689
_d343689